[Event "HUN-chT2 Charousek 1213"]
[Site "Hungary"]
[Date "2012.11.04"]
[Round "3"]
[White "Schenkerik, Csaba"]
[Black "Hidegh, Eszter"]
[Result "1/2-1/2"]
[WhiteElo "2078"]
[BlackElo "2080"]
[PlyCount "54"]
[EventDate "2012.09.16"]
[EventType "team-tourn"]
[EventRounds "11"]
[EventCountry "HUN"]
[SourceTitle "EXT 2014"]
[Source "ChessBase"]
[SourceDate "2013.11.20"]
[SourceVersion "1"]
[SourceVersionDate "2013.11.20"]
[SourceQuality "1"]
[WhiteTeam "Kobanya Aquarena"]
[BlackTeam "Penzugyor II"]
[WhiteTeamCountry "HUN"]
[BlackTeamCountry "HUN"]

1. c4 e5 2. Nc3 Nc6 3. d3 g6 4. g3 Bg7 5. Bg2 Nge7 6. e3 d6 7. Nge2 Be6 8. 0-0 Qd7 9. Rb1 Bh3 10. b4 h5 11. b5 Nd8 12. f4 h4 13. Rf2 hxg3 14. hxg3 Bxg2 15. Rxg2 Qh3 16. Kf2 exf4 17. Nxf4 Qf5 18. Ne4 d5 19. cxd5 Nxd5 20. Qb3 Nxf4 21. gxf4 Ne6 22. Ng3 Qg4 23. Bb2 Bxb2 24. Qxb2 0-0-0 25. Qe2 Qxe2+ 26. Kxe2 Rhe8 27. Kd2 Nc5 1/2-1/2

[Event "HUN-chT2 Charousek 1213"]
[Site "Hungary"]
[Date "2012.10.07"]
[Round "2"]
[White "Hidegh, Eszter"]
[Black "Albert, Kornelia"]
[Result "1/2-1/2"]
[WhiteElo "2080"]
[BlackElo "2095"]
[PlyCount "120"]
[EventDate "2012.09.16"]
[EventType "team-tourn"]
[EventRounds "11"]
[EventCountry "HUN"]
[SourceTitle "EXT 2014"]
[Source "ChessBase"]
[SourceDate "2013.11.20"]
[SourceVersion "1"]
[SourceVersionDate "2013.11.20"]
[SourceQuality "1"]
[WhiteTeam "Penzugyor II"]
[BlackTeam "MLTC II"]
[WhiteTeamCountry "HUN"]
[BlackTeamCountry "HUN"]

1. e4 e6 2. Nf3 d5 3. e5 c5 4. b4 cxb4 5. d4 Nc6 6. Bd3 f5 7. 0-0 Nge7 8. a3 Ng6 9. axb4 Nxb4 10. Bb5+ Bd7 11. Bxd7+ Qxd7 12. c3 Nc6 13. Ng5 Be7 14. Qh5 Bxg5 15. Qxg5 0-0 16. Ba3 Rf7 17. f4 Qd8 18. Qxd8+ Rxd8 19. Nd2 b6 20. g3 Rc8 21. Bd6 Na5 22. Bb4 Nc4 23. Nxc4 Rxc4 24. Ra6 Rcc7 25. Rfa1 Nf8 26. Kf2 Rfd7 27. Ke3 Ng6 28. Kd3 Ne7 29. Bd6 Rb7 30. R1a4 Nc8 31. Bb4 h6 32. Ba3 Rbc7 33. Bc1 Ne7 34. Ba3 g5 35. Bd6 Rb7 36. Ke3 Nc6 37. c4 dxc4 38. Rxc4 Ne7 39. Kf3 b5 40. Rc1 b4 41. Bxe7 Rxe7 42. d5 g4+ 43. Ke3 exd5 44. Rxh6 Rec7 45. Rd1 Rc5 46. Kd4 Rbb5 47. e6 Rc4+ 48. Ke5 Kg7 49. Rh5 b3 50. Rg5+ Kf8 51. Kf6 Re4 52. Rh5 Kg8 53. Rg5+ Kf8 54. Rc1 Rb8 55. Rc7 Rxe6+ 56. Kxe6 Rb6+ 57. Kxd5 b2 58. Rh5 Kg8 59. Rg5+ Kh8 60. Rh5+ Kg8 1/2-1/2

[Event "HUN-chT2 Maroczy 1112"]
[Site "Hungary"]
[Date "2012.05.20"]
[Round "11"]
[White "Hidegh, Eszter"]
[Black "Kovacs, Istvan"]
[Result "0-1"]
[WhiteElo "2135"]
[BlackElo "2200"]
[PlyCount "90"]
[EventDate "2011.09.25"]
[EventType "team-tourn"]
[EventRounds "11"]
[EventCountry "HUN"]
[SourceTitle "EXT 2013"]
[Source "ChessBase"]
[SourceDate "2012.11.22"]
[SourceVersion "1"]
[SourceVersionDate "2012.11.22"]
[SourceQuality "1"]
[WhiteTeam "Fuezesabony"]
[BlackTeam "Dunaharaszti"]
[WhiteTeamCountry "HUN"]
[BlackTeamCountry "HUN"]

1. e4 c5 2. b3 b6 3. Bb2 Bb7 4. Nc3 Nf6 5. e5 Ng8 6. Nf3 Nh6 7. Bc4 e6 8. 0-0 Nf5 9. d4 cxd4 10. Nxd4 Nh4 11. f3 Bc5 12. Na4 Qg5 13. Qe2 Bxd4+ 14. Bxd4 Nc6 15. Bc3 Ng6 16. Rae1 Nce7 17. Qd2 Qxd2 18. Bxd2 Rd8 19. Bb4 f6 20. f4 Nh4 21. exf6 gxf6 22. Re2 Rg8 23. g3 Nf3+ 24. Kf2 Nxh2 25. Rfe1 Nf5 26. Rg1 Nd4 27. f5 Nxe2 28. Kxe2 Kf7 29. Bd6 Nf3 30. Rd1 Ne5 31. Bxe5 fxe5 32. Kf2 d5 33. fxe6+ Kxe6 34. Be2 Rdf8+ 35. Kg2 d4+ 36. Kh3 Rg5 37. c3 Rf6 38. Kh4 Rg7 39. g4 Rf2 40. Re1 Rh2+ 41. Kg3 Rg2+ 42. Kh4 d3 43. Bxd3 R2xg4+ 44. Kh5 Bf3 45. Kh6 Kf6 0-1

[Event "HUN-chT2 Maroczy 1112"]
[Site "Hungary"]
[Date "2012.05.06"]
[Round "10"]
[White "Pacal, Mihaly"]
[Black "Hidegh, Eszter"]
[Result "1-0"]
[WhiteElo "2121"]
[BlackElo "2135"]
[PlyCount "73"]
[EventDate "2011.09.25"]
[EventType "team-tourn"]
[EventRounds "11"]
[EventCountry "HUN"]
[SourceTitle "EXT 2013"]
[Source "ChessBase"]
[SourceDate "2012.11.22"]
[SourceVersion "1"]
[SourceVersionDate "2012.11.22"]
[SourceQuality "1"]
[WhiteTeam "Roszke"]
[BlackTeam "Fuezesabony"]
[WhiteTeamCountry "HUN"]
[BlackTeamCountry "HUN"]

1. e4 c5 2. Nf3 Nc6 3. d4 cxd4 4. Nxd4 Nf6 5. Nc3 e5 6. Ndb5 d6 7. Nd5 Nxd5 8. exd5 Ne7 9. c3 Ng6 10. Qa4 Bd7 11. Qb4 Bf5 12. a4 Be7 13. Be3 a6 14. Na3 0-0 15. Be2 Bg5 16. Bb6 Qe7 17. 0-0 Nf4 18. Bf3 e4 19. Bd1 Nxd5 20. Qa5 Be6 21. Re1 f5 22. Bb3 Nxb6 23. Qxb6 d5 24. Rad1 Rad8 25. Nc2 f4 26. Qa5 Qf7 27. Nd4 Bg4 28. f3 Bh5 29. Rxe4 Bg6 30. Re5 b6 31. Qxa6 Bf6 32. Ree1 Ra8 33. Qb5 Ra5 34. Qxb6 Rfa8 35. Nb5 Bd8 36. Qc6 R8a6 37. Bxd5 1-0

[Event "HUN-chT2 Maroczy 1112"]
[Site "Hungary"]
[Date "2011.11.12"]
[Round "4"]
[White "Komjathy, Andras"]
[Black "Hidegh, Eszter"]
[Result "0-1"]
[WhiteElo "2000"]
[BlackElo "2135"]
[PlyCount "102"]
[EventDate "2011.09.25"]
[EventType "team-tourn"]
[EventRounds "11"]
[EventCountry "HUN"]
[SourceTitle "EXT 2013"]
[Source "ChessBase"]
[SourceDate "2012.11.22"]
[SourceVersion "1"]
[SourceVersionDate "2012.11.22"]
[SourceQuality "1"]
[WhiteTeam "Lila Futo"]
[BlackTeam "Fuezesabony"]
[WhiteTeamCountry "HUN"]
[BlackTeamCountry "HUN"]

1. e4 g6 2. d4 c6 3. Nc3 d5 4. e5 Bg7 5. Nf3 Bg4 6. Be2 Bxf3 7. Bxf3 e6 8. h4 c5 9. Qe2 cxd4 10. Nb5 d3 11. cxd3 Qa5+ 12. Nc3 Nc6 13. Bf4 d4 14. Bxc6+ bxc6 15. Qe4 Qb6 16. Ne2 Rd8 17. 0-0 Rd5 18. a4 a5 19. Rfc1 Ne7 20. Rc4 c5 21. Bh2 Nc6 22. f4 h5 23. Rac1 Kd7 24. R1c2 Bf8 25. Qf3 Qd8 26. Qh3 Be7 27. Ng3 Nb4 28. Rd2 Bxh4 29. Ne4 Be7 30. Bg3 h4 31. Be1 g5 32. fxg5 Rxe5 33. Rf2 Qg8 34. Bxb4 axb4 35. Qg4 f5 36. Qf4 Qg7 37. Nf6+ Bxf6 38. gxf6 Qxf6 39. Rfc2 h3 40. g3 h2+ 41. Rxh2 Rxh2 42. Kxh2 Re2+ 43. Kh3 Qh8+ 44. Qh4 Qa8 45. Rxd4+ cxd4 46. Qxd4+ Qd5 47. Qa7+ Kc6 48. Qa6+ Kc7 49. Qa7+ Kd6 50. Qb8+ Ke7 51. Qxb4+ Kf7 0-1

[Event "HUN-chT2 Maroczy 1011"]
[Site "Hungary"]
[Date "2010.11.21"]
[Round "6"]
[White "Hidegh, Eszter"]
[Black "Horvath, Lajos Ludovic"]
[Result "1-0"]
[WhiteElo "2193"]
[BlackElo "2066"]
[PlyCount "93"]
[EventDate "2010.09.12"]
[EventType "team-tourn"]
[EventRounds "11"]
[EventCountry "HUN"]
[SourceTitle "EXT 2012"]
[Source "ChessBase"]
[SourceDate "2011.11.24"]
[SourceVersion "1"]
[SourceVersionDate "2011.11.24"]
[SourceQuality "1"]
[WhiteTeam "Fuzesabony"]
[BlackTeam "Kisujszallas"]
[WhiteTeamCountry "HUN"]
[BlackTeamCountry "HUN"]

1. e4 e5 2. d4 exd4 3. Nf3 Bc5 4. Bc4 Nf6 5. e5 d5 6. Bb5+ c6 7. exf6 Qa5+ 8. c3 Qxb5 9. a4 Qa6 10. b4 Bd6 11. Qxd4 Be6 12. fxg7 Rg8 13. Bg5 Nd7 14. Bh6 0-0-0 15. b5 Qb6 16. 0-0 c5 17. Qd3 Ne5 18. Nxe5 Bxe5 19. Qxh7 d4 20. cxd4 Bxd4 21. Ra3 Bc4 22. Re1 Qg6 23. Qxg6 fxg6 24. Nd2 Bd5 25. Re7 Bf6 26. Re1 Bxg7 27. Bxg7 Rxg7 28. f3 b6 29. Rae3 Rdd7 30. Kf2 Kb7 31. Ne4 Bc4 32. h4 a6 33. Rc1 axb5 34. axb5 Bxb5 35. Rb3 Kc6 36. Rcb1 Bd3 37. Rxb6+ Kd5 38. Nf6+ Kd4 39. Nxd7 Rxd7 40. Rd1 c4 41. Rxg6 c3 42. Rg4+ Kc5 43. Rc1 c2 44. Ke1 Bh7 45. Rf4 Kb5 46. g4 Ka5 47. Rc4 1-0

[Event "HUN-chT2 Maroczy 1011"]
[Site "Hungary"]
[Date "2010.09.12"]
[Round "1"]
[White "Monus, Zoltan"]
[Black "Hidegh, Eszter"]
[Result "1/2-1/2"]
[WhiteElo "2016"]
[BlackElo "2193"]
[PlyCount "101"]
[EventDate "2010.09.12"]
[EventType "team-tourn"]
[EventRounds "11"]
[EventCountry "HUN"]
[SourceTitle "EXT 2012"]
[Source "ChessBase"]
[SourceDate "2011.11.24"]
[SourceVersion "1"]
[SourceVersionDate "2011.11.24"]
[SourceQuality "1"]
[WhiteTeam "Oroshaza"]
[BlackTeam "Fuzesabony"]
[WhiteTeamCountry "HUN"]
[BlackTeamCountry "HUN"]

1. d4 g6 2. e4 c6 3. Nc3 Bg7 4. Bc4 b5 5. Bb3 b4 6. Na4 d6 7. c3 Nf6 8. Bc2 a5 9. Nf3 Ba6 10. Bd3 0-0 11. 0-0 Qc7 12. e5 dxe5 13. Nxe5 Rd8 14. Qf3 Bxd3 15. Nxd3 Nd5 16. Bf4 Nxf4 17. Qxf4 Qxf4 18. Nxf4 e5 19. Ne2 exd4 20. Nxd4 Bxd4 21. cxd4 Rxd4 22. Rad1 Rxd1 23. Rxd1 Na6 24. Rd6 Re8 25. Kf1 Re6 26. Rd8+ Kg7 27. Ra8 c5 28. Rc8 Re5 29. Rc6 Re6 30. Rc8 Kf6 31. Nxc5 Nxc5 32. Rxc5 Re5 33. Rc7 Ke6 34. Rc2 Kd6 35. Rc8 h5 36. h4 Kd7 37. Rc4 Kd6 38. Rc8 Rc5 39. Rd8+ Ke5 40. Rd2 Ke4 41. Ke2 Rc1 42. g3 a4 43. f3+ Ke5 44. Rd1 Rxd1 45. Kxd1 f5 46. Ke2 f4 47. g4 Kd4 48. Kd2 Kc4 49. gxh5 gxh5 50. Kc2 Kd4 51. Kd2 1/2-1/2

[Event "HUN-ch (Women)"]
[Site "Nagykanizsa"]
[Date "2010.05.23"]
[Round "9"]
[White "Erdos, Boglarka"]
[Black "Hidegh, Eszter"]
[Result "0-1"]
[WhiteElo "2147"]
[BlackElo "2146"]
[PlyCount "80"]
[EventDate "2010.05.14"]
[EventType "tourn"]
[EventRounds "9"]
[EventCountry "HUN"]
[SourceTitle "CBM 136 Extra"]
[Source "ChessBase"]
[SourceDate "2010.07.02"]
[SourceVersion "2"]
[SourceVersionDate "2010.07.15"]
[SourceQuality "1"]

1. e4 g6 2. d4 Bg7 3. f4 d5 4. e5 h5 5. Nf3 Nh6 6. Bd3 Bf5 7. Nc3 e6 8. Be3 Nc6 9. a3 Na5 10. b3 Qe7 11. Qd2 Bxd3 12. Qxd3 Nf5 13. Bd2 Nc6 14. Ne2 0-0 15. g3 h4 16. g4 Nh6 17. h3 Kh8 18. 0-0 a5 19. Be1 Nd8 20. Bxh4 Qd7 21. Bg5 b6 22. Nh4 c5 23. Ng3 Nc6 24. f5 exf5 25. gxf5 Nxf5 26. Nhxf5 gxf5 27. Bf6 Rg8 28. Qe3 Kh7 29. Kh2 Bxf6 30. exf6 Nxd4 31. Rf4 Rg6 32. c3 Nc2 33. Rh4+ Kg8 34. Qf3 Nxa1 35. Qh5 Kf8 36. Nxf5 Qc7+ 37. Kh1 Qe5 38. Qh8+ Rg8 39. Qg7+ Rxg7 40. fxg7+ Qxg7 0-1

[Event "HUN-ch (Women)"]
[Site "Nagykanizsa"]
[Date "2010.05.21"]
[Round "7"]
[White "Rudolf, Anna"]
[Black "Hidegh, Eszter"]
[Result "1-0"]
[WhiteElo "2344"]
[BlackElo "2146"]
[PlyCount "135"]
[EventDate "2010.05.14"]
[EventType "tourn"]
[EventRounds "9"]
[EventCountry "HUN"]
[SourceTitle "CBM 136 Extra"]
[Source "ChessBase"]
[SourceDate "2010.07.02"]
[SourceVersion "2"]
[SourceVersionDate "2010.07.15"]
[SourceQuality "1"]

1. e4 g6 2. d4 Bg7 3. Nf3 d6 4. Be2 a6 5. a4 b6 6. 0-0 Bb7 7. Nc3 Nd7 8. Re1 c5 9. Bc4 cxd4 10. Nxd4 Ngf6 11. Bg5 0-0 12. Qd2 Qc7 13. Bd5 Ne5 14. Rad1 Nc4 15. Qc1 Rac8 16. Rd3 Ne5 17. Rh3 Neg4 18. Qd1 h5 19. Re2 Nh7 20. Bc1 e5 21. Nf3 Bxd5 22. Nxd5 Qb7 23. Ng5 Nxg5 24. Bxg5 f6 25. Be3 Nxe3 26. Rexe3 Rc4 27. c3 f5 28. Qb3 b5 29. Reg3 Kh7 30. Qd1 Rxe4 31. Rxg6 Re1+ 32. Qxe1 Kxg6 33. Qd1 Rh8 34. Qf3 Qd7 35. Qf4 Kf7 36. Qg5 Ke6 37. Nb6 Qf7 38. Qd2 Qb7 39. a5 Qe4 40. Rd3 Rd8 41. Nd5 f4 42. Qd1 Qg6 43. Qb3 Kd7 44. Rd1 f3 45. g3 Qg4 46. Ne3 Qg6 47. c4 bxc4 48. Nxc4 Ke7 49. Qxf3 e4 50. Qb3 Qe6 51. Qb7+ Rd7 52. Qb4 Bf8 53. Nb6 Rd8 54. Nd5+ Kf7 55. Qd4 Bg7 56. Qa7+ Rd7 57. Qxa6 Qg4 58. Re1 Bd4 59. Qc4 Qg7 60. Rxe4 Be5 61. a6 Kg6 62. b4 Qf8 63. Nf4+ Bxf4 64. Qe6+ Qf6 65. Qxf6+ Kxf6 66. Rxf4+ Ke5 67. b5 Ra7 68. Ra4 1-0

[Event "HUN-ch (Women)"]
[Site "Nagykanizsa"]
[Date "2010.05.16"]
[Round "3"]
[White "Papp, Petra"]
[Black "Hidegh, Eszter"]
[Result "0-1"]
[WhiteElo "2270"]
[BlackElo "2146"]
[PlyCount "52"]
[EventDate "2010.05.14"]
[EventType "tourn"]
[EventRounds "9"]
[EventCountry "HUN"]
[SourceTitle "CBM 136 Extra"]
[Source "ChessBase"]
[SourceDate "2010.07.02"]
[SourceVersion "2"]
[SourceVersionDate "2010.07.15"]
[SourceQuality "1"]

1. e4 c6 2. d4 g6 3. Nc3 d5 4. h3 Bg7 5. Nf3 dxe4 6. Nxe4 Nd7 7. Bd3 Ngf6 8. Nxf6+ Nxf6 9. Bf4 0-0 10. Qd2 Qb6 11. c3 c5 12. 0-0-0 Rd8 13. Bh6 Bh8 14. Ng5 cxd4 15. Bc4 Nd5 16. Qf4 Bf5 17. Qf3 dxc3 18. b3 e6 19. Bxd5 Qc5 20. Rd3 Rxd5 21. Rxd5 exd5 22. g4 Qa3+ 23. Kd1 Qb2 24. Nxh7 c2+ 25. Ke1 c1Q+ 26. Bxc1 Qxc1+ 0-1

[Event "HUN-ch (Women)"]
[Site "Nagykanizsa"]
[Date "2010.05.15"]
[Round "2"]
[White "Hidegh, Eszter"]
[Black "Goczo, Melinda"]
[Result "0-1"]
[WhiteElo "2146"]
[BlackElo "2234"]
[PlyCount "42"]
[EventDate "2010.05.14"]
[EventType "tourn"]
[EventRounds "9"]
[EventCountry "HUN"]
[SourceTitle "CBM 136 Extra"]
[Source "ChessBase"]
[SourceDate "2010.07.02"]
[SourceVersion "2"]
[SourceVersionDate "2010.07.15"]
[SourceQuality "1"]

1. e4 c5 2. Nc3 Nc6 3. d3 g6 4. Be3 Nd4 5. f4 d6 6. Qd2 Bg7 7. Nd1 Nf6 8. c3 Nc6 9. h3 0-0 10. Nf3 Nh5 11. Qf2 f5 12. exf5 e5 13. fxe5 gxf5 14. Bg5 Qe8 15. d4 cxd4 16. cxd4 dxe5 17. d5 e4 18. dxc6 exf3+ 19. Qe3 Bd4 20. Bc4+ Kg7 21. Qxe8 Rxe8+ 0-1

[Event "HUN-chT2 Maroczy 0910"]
[Site "Hungary"]
[Date "2010.04.18"]
[Round "10"]
[White "Mullner, Imre"]
[Black "Hidegh, Eszter"]
[Result "1/2-1/2"]
[WhiteElo "2198"]
[BlackElo "2147"]
[PlyCount "62"]
[EventDate "2009.11.08"]
[EventType "team-tourn"]
[EventRounds "11"]
[EventCountry "HUN"]
[SourceTitle "EXT 2011"]
[Source "ChessBase"]
[SourceDate "2010.11.26"]
[SourceVersion "1"]
[SourceVersionDate "2010.11.26"]
[SourceQuality "1"]
[WhiteTeam "MLTC II"]
[BlackTeam "Matra"]
[WhiteTeamCountry "HUN"]
[BlackTeamCountry "HUN"]

1. e4 c5 2. Nf3 Nc6 3. Bb5 g6 4. 0-0 Bg7 5. Re1 d6 6. c3 Qb6 7. Na3 Bd7 8. Ba4 a6 9. d3 Qc7 10. d4 b5 11. Bb3 Na5 12. dxc5 Qxc5 13. Be3 Qc8 14. Bd5 Bc6 15. Bb6 Bxd5 16. exd5 Nc4 17. Nxc4 Qxc4 18. b3 Qc8 19. Bd4 Nf6 20. a4 Qb7 21. axb5 axb5 22. Rxa8+ Qxa8 23. Qe2 0-0 24. Qxb5 Nxd5 25. Bxg7 Kxg7 26. Qd3 Qc6 27. Qe4 f5 28. Qc4 Qxc4 29. bxc4 Nxc3 30. Rxe7+ Rf7 31. Re3 Ne4 1/2-1/2